000 00559cam a22002053a 4500
001 45307
003 PGUSA
005 20140828084039.0
008 140402s2014||||xxu|||||s|||||000 | eng d
040 _aPGUSA
_beng
042 _adc
100 1 _aBurroughs, John,
_d1837-1921
245 1 0 _aRiverby
_h[electronic resource] /
_cJohn Burroughs
260 _bProject Gutenberg,
_c2014
506 _aPublic domain in the USA.
516 _aElectronic text
830 0 _aProject Gutenberg
_v45307
856 4 0 _uhttp://www.gutenberg.org/ebooks/45307
942 _cEB
999 _c274558
_d274558